000 00430pab a2200157 454500
008 180718b2004 xxu||||| |||| 00| 0 eng d
100 _aNuijten, Monique
245 _aPeasant `participation', rural property and the state in Western Mexico
260 _c2004
300 _ap.181-209.
362 _aJan
650 _aPeasantry - Western Mexico
650 _aPeasantry
773 _aJournal of Peasant Studies
909 _a61344
999 _c61344
_d61344